[Event "Cairo Egyptian op"]
[Site "Cairo"]
[Date "2015.11.15"]
[Round "1"]
[White "Ameir, Moheb"]
[Black "Anwar, Ramadan"]
[Result "1-0"]
[WhiteElo "2434"]
[BlackElo "1754"]
[PlyCount "101"]
[EventDate "2015.11.15"]
[EventType "swiss"]
[EventRounds "11"]
[EventCountry "EGY"]
[SourceTitle "CBM 170 Extra"]
[Source "ChessBase"]
[SourceDate "2016.02.25"]
[SourceVersion "1"]
[SourceVersionDate "2016.02.25"]
[SourceQuality "1"]

1. e4 e6 2. d4 d5 3. Nc3 Bb4 4. e5 Bd7 5. a3 Be7 6. Qg4 g6 7. Nf3 a6 8. Bd3 c5 9. dxc5 Bxc5 10. 0-0 Nc6 11. Bg5 Be7 12. Rfe1 b5 13. h4 Qc7 14. Qf4 f6 15. exf6 Qxf4 16. Bxf4 Nxf6 17. Ng5 Nd8 18. Bc7 0-0 19. Bxd8 Raxd8 20. Nxe6 Bxe6 21. Rxe6 Bc5 22. Rf1 Rd6 23. Rxd6 Bxd6 24. Re1 Bc5 25. Re2 Ng4 26. Nd1 Rf7 27. g3 Re7 28. Kf1 Rxe2 29. Bxe2 Nf6 30. Bf3 d4 31. Ke2 a5 32. Kd3 Kf7 33. Bc6 b4 34. axb4 axb4 35. Kc4 b3 36. Kxb3 Ke7 37. Kc4 Kd6 38. Bg2 Nd7 39. f4 Nb6+ 40. Kd3 Nd5 41. Bxd5 Kxd5 42. Nf2 Be7 43. Ng4 Bd8 44. Ne5 Be7 45. Nf3 Bf6 46. Ng5 h6 47. Nf3 Bg7 48. Nd2 Bf6 49. Ne4 Bg7 50. b4 Bf8 51. b5 1-0